000 nam a22 7a 4500
999 _c8800
_d8800
008 180228b ||||| |||| 00| 0 eng d
020 _a9715422888
082 _22001
_aDFil 899.211
_bP53
245 _aWhy the snails climb up grass (Pangasinan)/
_cDamiana Eugenio [Compiler and editor]
260 _aQuezon City:
_bUP Press,
_cc2001.
300 _apages 46-48;
_c23 cm.
500 _aPhilippine folk literature: the folk tales.
650 0 _926741
_aFolklore.
650 0 _926742
_aPhilippinr folk literature--Collections.
942 _2ddc
_cDFIL